01767naa a2200265 i 45000010005000000030009000050050017000140080039000310400021000700800011000910800010001021000124001122450142002365000021003785200481003996500012008806500050008926550030009427000117009727110128010897730219012179420013014369990015014499520037014645039KOSZ 00520180424160943.0141104s2001 pl f |100 0 pol cBPKdKOSZ 005/HR a534.83 a621.71 aKARACZUN, Andrzej.d1996 - 2017.bPolitechnika Koszalińska - Wydział Mechaniczny,cKatedra Inżynierii Mechanicznej aBadania poziomu natężenia dźwięku w obróbce wysokociśnieniową strugą hydrościerną /cAndrzej Karaczun, Andrzej Perec. aDane z autopsji. aW pracy przedstawiono pomiary poziomu natężenia dźwięku wysokociśnieniowej strugi hydrościernej podczas procesu przecinania i czyszczenia materiałów metalowych. Zbadano i porównano własności akustyczne strugi bez dodatków ściernych jak również w pełni uformowanej strugi hydrościernej. Pokazano wpływ wielkości ziarn ściernych oraz ciśnienia na poziom natężenia dźwięku strugi w pasmach jednooktawowych w zakresie od 2Hz do 16kHz. 0aHałas. 0aŚrodowisko człowieka - wpływ na zdrowie.  0aMateriały konferencyjne.1 aPEREC, Andrzej.d1996 - .bPolitechnika Koszalińska - Wydział Mechaniczny,cKatedra Inżynierii Mechanicznej aKoszalińska Konferencja Naukowo-Techniczna nt. Hałas - Profilaktyka - Zdrowien(5 ;d2001.12.5-7 ;cKołobrzeg, Polska). iW :tHałas, profilaktyka, zdrowie : referaty przedstawione na V Koszalińskiej Konferencji Naukowo-Technicznej, Kołobrzeg 5-7 grudnia 2001 roku. -dKoszalin : Zakład Poligraficzny "Polimer", 2001. -gs. 237-242 cART2UKD c5039d5039 00104070aBPKbBPKo64429yART